GPP v ochrane šalátu v skleníkových podmienkach

Bibliographic Details
Format: Article
Language:Slovak
PhysicalDescription:Lit. 1 zázn. v slov.
ISSN:0002-1830
Subjects:

MARC

LEADER 00000nab a2200000 a 4500
001 vtls000566215
003 SK-MaSNL
005 20260304102033.0
008 250425c1995 xo 0 slo
015 |a SNBRB19rr/mm-uuuuu 
035 |a CL0566353 
035 |a urn:nbn:sk:snk-abbpe7 
035 |a (urnnbn)urn:nbn:sk:snk:ar-008jhs 
035 |a (uuid)7ffa2c5c-f90f-4e34-b7ef-8b6ca6e1f62f 
040 |a SNKBUCL  |b slo  |c SNKBUCL  |e AACR2 
041 0 |a slo 
044 |a xo  |c SK 
080 |a 635.52:632.9:632.9:061.1(100)  |2 1981 
080 |a 632.9  |2 1981 
080 |a 632.9:061.1(100)  |2 1981 
245 0 0 |a GPP v ochrane šalátu v skleníkových podmienkach 
300 |b Lit. 1 zázn. v slov. 
610 2 7 |a Európska a stredomorská organizácia pre ochranu rastlín  |2 snkbucl  |9 55413 
650 0 7 |a šalát  |2 snkbucl  |9 964 
650 0 7 |a ochrana rastlín  |2 snkbucl  |9 3636 
655 7 |a články z novín a časopisov  |2 snkbucl  |9 267496 
773 0 |t Agrochémia  |g Roč. 35, č. 7-8 (1995), s. 148-152  |x 0002-1830 
850 |a Slovenská národná knižnica 
852 |a Slovenská národná knižnica 
954 |a odborná, vedecká literatúra pôvodná (slovenská)  |2 lita 
958 |a article15 
958 |a OND 
958 |a RK 
958 |a EUIPO 
992 |a RBX 
999 |c 2843821  |d 2845751